| 000 | 00477nmm a22001937a 4500 | ||
|---|---|---|---|
| 005 | 20181119102736.0 | ||
| 008 | 181119b xxu||||| |||| 00| 0 spa d | ||
| 041 | _aspa | ||
| 082 | _aTU 101 | ||
| 100 |
_aQuirós Calderón, Sofía _950749 |
||
| 245 | _aBest Hotels Group | ||
| 260 | _c2017 | ||
| 650 |
_aCOSTA RICA _950750 |
||
| 650 |
_aTURISMO _9894 |
||
| 650 |
_aHOTELES _91620 |
||
| 650 |
_aADMINISTRACIÓN DE EMPRESAS _9521 |
||
| 650 |
_aVENTAS _9635 |
||
| 942 | _cIP | ||
| 999 |
_c11351 _d11351 |
||